All College Football Rivalry Games With a Name - Statistics

General Stats
  • This quiz has been taken 105 times
  • The average score is 6 of 67
Answer Stats
Team 1
Team 2 Game Name % Correct
Mississippi State Ole Miss Egg Bowl
85%
Alabama Auburn Iron Bowl
65%
Michigan Ohio State The Game
59%
Oklahoma Texas Red River Rivalry
48%
BYU Utah Holy War
46%
Washington Washington State Apple Cup
44%
Georgia Georgia Tech Clean, Old-Fashioned Hate
33%
Pittsburgh West Virginia Backyard Brawl
29%
Kansas Missouri Border War
25%
Auburn Georgia Deep South's Oldest Rivalry
20%
California Stanford Big Game
18%
Alabama Tennessee Third Saturday in October
16%
Clemson South Carolina Palmetto Bowl
14%
Iowa State Kansas State Farmageddon
13%
Texas Texas A&M Lone Star Showdown
13%
Oklahoma Oklahoma State Bedlam Series
9%
Kansas Kansas State Sunflower Showdown
9%
South Florida UCF War on I-4
8%
LSU Ole Miss Magnolia Bowl
7%
Clemson NC State Textile Bowl
7%
SMU TCU Battle for the Iron Skillet
5%
Baylor TCU Bluebonnet Battle
5%
Middle Tennessee Western Kentucky 100 Miles of hate
4%
New Mexico State UTEP Battle of I-10
4%
Colorado State Wyoming Border War
4%
James Madison Old Dominion Royal Rivalry
4%
Colorado Utah Utah Rumble in the Rockies
4%
Arkansas Missouri Battle Line Rivalry
3%
Appalachain State Georgia Southern Deeper than Hate
3%
Arizona Arizona State Duel in the Desert
3%
Penn State Pittsburgh Keystone Classic
3%
North Texas SMU Safeway Bowl
3%
North Carolina Virginia South's Oldest Rivalry
3%
South Alabama Troy Battle for the Belt
2%
Memphis UAB Battle for the Bones
2%
Baylor Texas A&M Battle of the Brazos
2%
Utah Utah State Battle of the Brothers
2%
North Carolina South Carolina Battle of the Carolinas
2%
Maryland Navy Crab Bowl Classic
2%
Auburn LSU Tiger Bowl
2%
Nevada UNLV Battle for Nevada
1%
Cincinnati Miami(OH) Battle for the Bell
1%
LSU Tulane Battle for the Rag
1%
James Madison Liberty Battle of the Blue Ridge
1%
Miami(OH) Ohio Battle of the Bricks
1%
Memphis Southern Miss Black and Blue Bowl
1%
Utah State Wyoming Bridger's Battle
1%
Hawaii San José State Dick Tomey Legacy Game
1%
Georgia Southern Georgia State Modern Day Hate
1%
Louisiana Tech Southern Miss Rivalry in Dixie
1%
Colorado Colorado State Rocky Mountain Showdown
1%
Florida Atlantic FIU Shula Bowl
1%
Georgia Tech Virginia Tech Techmo Bowl
1%
Alabama Mississippi State Battle for Highway 82
0%
Marshall Ohio Battle for the Bell
0%
Southern Miss Tulane Battle for the Bell
0%
Middle Tennessee Troy Battle for the Pallidium
0%
Fresno State San José State Battle for the Valley
0%
Louisiana Louisiana-Monroe Battle on the Bayou
0%
San José State Stanford Bill Walsh Legacy Game
0%
Boston College Notre Dame Frank Leahy Memorial Bowl
0%
Marshall West Virginia Friends of Coal Bowl
0%
Texas State UTSA I-35 Rivalry
0%
Memphis Ole Miss Mid-South Rivalry
0%
Arkansas State Memphis Paint Bucket Bowl
0%
New Mexico New Mexico State Rio Grande Rivlary
0%
Appalachain State Marshall The Old Mountain Feud
0%
No matching quizzes found
Score Distribution
Percent of People with Each Score
Percentile by Number Answered
Your Score History
You have not taken this quiz